| Record ID | ia:formalmodellingi0000unse |
| Source | Internet Archive |
| Download MARC XML | https://archive.org/download/formalmodellingi0000unse/formalmodellingi0000unse_marc.xml |
| Download MARC binary | https://www.archive.org/download/formalmodellingi0000unse/formalmodellingi0000unse_meta.mrc |
LEADER: 06185cam 2201069Ia 4500
001 ocn262680627
003 OCoLC
005 20220601120208.0
008 081017s2005 gw a fob 001 0 eng d
006 m o d
007 cr cn|||||||||
040 $aGW5XE$beng$epn$cGW5XE$dN$T$dYDXCP$dUAB$dCNTRU$dE7B$dOCLCQ$dIDEBK$dOCLCQ$dTUU$dOCLCQ$dYNG$dOCLCO$dMHW$dEBLCP$dOCLCQ$dA7U$dOCLCQ$dVMC$dOCLCF$dNLGGC$dBEDGE$dOCLCQ$dAZU$dISOBC$dSLY$dCOO$dDKDLA$dOCLCQ$dZ5A$dPIFBR$dOTZ$dOCLCQ$dESU$dOCLCQ$dVT2$dWY@$dLUE$dSTF$dOCLCQ$dCEF$dU3W$dOCLCQ$dWYU$dICG$dYOU$dCANPU$dOCLCQ$dLEAUB$dUKAHL$dAUD$dOL$$dOCLCQ
015 $aGBA442936$2bnb
019 $a65191753$a144518384$a228377170$a299524773$a316868752$a320970641$a401410020$a551764861$a647532620$a698450540$a756420410$a814386547$a823134682$a824165199$a846631140$a880016610$a991988561$a994808347$a1005797607$a1035705194$a1044086407$a1044461005$a1044614883$a1056345963$a1056367864$a1056375655$a1060787429$a1069454435$a1077232521$a1086510808$a1097346523$a1097353537$a1102295917$a1110920149$a1110951173
020 $a9783540269892
020 $a3540269894
020 $a3540214313$q(Cloth)
020 $a9783540214311$q(Cloth)
020 $a6610411786
020 $a9786610411788
024 7 $a10.1007/b138422$2doi
035 $a(OCoLC)262680627$z(OCoLC)65191753$z(OCoLC)144518384$z(OCoLC)228377170$z(OCoLC)299524773$z(OCoLC)316868752$z(OCoLC)320970641$z(OCoLC)401410020$z(OCoLC)551764861$z(OCoLC)647532620$z(OCoLC)698450540$z(OCoLC)756420410$z(OCoLC)814386547$z(OCoLC)823134682$z(OCoLC)824165199$z(OCoLC)846631140$z(OCoLC)880016610$z(OCoLC)991988561$z(OCoLC)994808347$z(OCoLC)1005797607$z(OCoLC)1035705194$z(OCoLC)1044086407$z(OCoLC)1044461005$z(OCoLC)1044614883$z(OCoLC)1056345963$z(OCoLC)1056367864$z(OCoLC)1056375655$z(OCoLC)1060787429$z(OCoLC)1069454435$z(OCoLC)1077232521$z(OCoLC)1086510808$z(OCoLC)1097346523$z(OCoLC)1097353537$z(OCoLC)1102295917$z(OCoLC)1110920149$z(OCoLC)1110951173
037 $a978-3-540-21431-1$bSpringer$nhttp://www.springerlink.com
050 4 $aHF5548.32$b.F67 2005eb
072 7 $aHF$2lcco
072 7 $aBUS$x043030$2bisacsh
072 7 $aBUS$x043040$2bisacsh
072 7 $aBUS$x026000$2bisacsh
082 04 $a658.8/4$222
084 $a85.10$2bcl
084 $aF713. 36$2clc
245 00 $aFormal modelling in electronic commerce /$cStevem O. Kimbrough, D.J. Wu, editors.
260 $aBerlin ;$aNew York :$bSpringer,$c2005.
300 $a1 online resource (xii, 562 pages) :$billustrations
336 $atext$btxt$2rdacontent
337 $acomputer$bc$2rdamedia
338 $aonline resource$bcr$2rdacarrier
347 $atext file
347 $bPDF
490 1 $aInternational handbooks on information systems
504 $aIncludes bibliographical references (pages 530-555) and index.
520 $aAdvances in automation for electronic commerce require improved understanding and formalization of the objects, processes, and policies of commerce itself.
588 0 $aPrint version record.
505 0 $aRepresentation: Objects, Processes & Policies -- Applications -- Communication -- Agents and Strategic Interactions -- References and Index.
650 0 $aElectronic commerce.
650 7 $aBUSINESS & ECONOMICS$xInternational$xMarketing.$2bisacsh
650 7 $aBUSINESS & ECONOMICS$xMarketing$xMultilevel.$2bisacsh
650 7 $aBUSINESS & ECONOMICS$xExports & Imports.$2bisacsh
650 07 $aElectronic commerce.$2cct
650 7 $aAffaires.$2eclas
650 7 $aScience économique.$2eclas
650 7 $aEconomie de l'entreprise.$2eclas
650 7 $aElectronic commerce.$2fast$0(OCoLC)fst00906906
650 17 $aE-commerce.$2gtt
650 17 $aModellen.$2gtt
650 17 $aFormele talen.$2gtt
655 4 $aElectronic books.
700 1 $aKimbrough, Steve.
700 1 $aWu, D. J.
773 0 $tSpringer e-books
776 08 $iPrint version:$tFormal modelling in electronic commerce.$dBerlin ; New York : Springer, 2005$z3540214313$z9783540214311$w(OCoLC)56538863
830 0 $aInternational handbooks on information systems.
856 40 $3ebrary$uhttp://site.ebrary.com/id/10134357
856 40 $3EBSCOhost$uhttps://search.ebscohost.com/login.aspx?direct=true&scope=site&db=nlebk&db=nlabk&AN=150482
856 40 $3MyiLibrary$uhttp://www.myilibrary.com?id=41178
856 40 $3OhioLINK$uhttp://rave.ohiolink.edu/ebooks/ebc/3540269894
856 40 $3ProQuest Ebook Central$uhttps://public.ebookcentral.proquest.com/choice/publicfullrecord.aspx?p=303933
856 40 $3Scholars Portal$uhttp://books.scholarsportal.info/viewdoc.html?id=/ebooks/ebooks2/springer/2011-04-28/2/3540269894
856 40 $3Scholars Portal$uhttp://books.scholarsportal.info/viewdoc.html?id=/ebooks/ebooks2/springer/2011-04-28/8/3540269894
856 40 $3Scholars Portal$uhttp://resolver.scholarsportal.info/isbn/9783540269892
856 40 $3SpringerLink$uhttps://doi.org/10.1007/b138422
856 40 $3SpringerLink$uhttps://link.springer.com/book/10.1007%2F978-3-540-21431-1
856 40 $3SpringerLink$uhttps://doi.org/10.1007/b138422$aSpringerLink
856 40 $3SpringerLink$uhttps://link.springer.com/book/10.1007/978-3-540-21431-1
856 40 $3SpringerLink$uhttp://link.springer.com/10.1007/b138422
856 40 $3VLeBooks$uhttp://www.vlebooks.com/vleweb/product/openreader?id=none&isbn=9783540269892
856 40 $uhttp://dx.doi.org.ezproxy.aub.edu.lb/10.1007/b138422$zClick for electronic access to e-book.
856 41 $3MyiLibrary$uhttp://www.myilibrary.com?id=41178
856 41 $3SpringerLink$uhttps://link.springer.com/book/10.1007%2F978-3-540-21431-1
938 $aAskews and Holts Library Services$bASKH$nAH20750507
938 $aEBL - Ebook Library$bEBLB$nEBL303933
938 $aebrary$bEBRY$nebr10134357
938 $aEBSCOhost$bEBSC$n150482
938 $aProQuest MyiLibrary Digital eBook Collection$bIDEB$n41178
938 $aYBP Library Services$bYANK$n2405784
029 1 $aAU@$b000042136348
029 1 $aDKDLA$b820120-katalog:000659042
029 1 $aNLGGC$b294841113
029 1 $aNLGGC$b316068861
029 1 $aNZ1$b12053206
994 $aZ0$bP4A
948 $hNO HOLDINGS IN P4A - 572 OTHER HOLDINGS